000 00657nam a2200241Ia 4500
003 OSt
005 20220918174110.0
006 a|||||r|||| 00| 0
007 ta
008 220917b |||||||| |||| 00| 0 eng d
024 _a10,391
037 _cTextual
040 _aARTS
_cARTS
_beng
041 _2eng
_aeng
082 _aQ7:6, F9;L9
100 _aLammens H
_949088
245 0 _aIslam
_b beliefs and institutions tr from French by sir E Dehsion Ross
260 _aNew Delhi
_bOriental Book Rep Corp
_c1979
300 _a256p.
_ccm.
650 _aRELIGION
942 _hQ7:6, F9;L9
_cTEXL
_2CC
999 _c151763
_d151763